The wildest dreams bookshop / Gracie Page.
Available copies
- 1 of 2 copies available at LARL/NWRL Consortium.
- 1 of 2 copies available at Lake Agassiz Regional Library. (Show preferred library)
Current holds
1 current hold with 2 total copies.
Show Only Available Copies
| Location | Call Number / Copy Notes | Barcode | Shelving Location | Status | Due Date |
|---|---|---|---|---|---|
| Ada Public Library | Y PAG (Text) | 33500014338305 | New | On holds shelf | - |
| Bagley Public Library | Y PAG (Text) | 33500014338313 | New | Available | - |
Record details
- ISBN: 006347901X
- ISBN: 9780063479012
- Physical Description: 281 pages ; 21 cm.
- Publisher: New York : Avon A, an imprint of HarperCollins Publishers, 2025.
- Copyright: ©2025.
Content descriptions
| Summary, etc.: | "Seventeen-year-old Anna's summer is not off to a ... Read More |
Search for related items by subject
| Genre: | Romance fiction. Romance fiction. |
Search for related items by series
| LDR | 02896cam a2200565 i 4500 | ||
|---|---|---|---|
| 001 | 478544 | ||
| 003 | LARL_NWRL_CONSORTIUM | ||
| 005 | 20260217183936.0 | ||
| 008 | 250430t20252025nyu d 000 1 eng d | ||
| 040 | . | ‡aYDX ‡beng ‡erda ‡cYDX ‡dOCLCO ‡dBDX ‡dIG# ‡dOCLCQ ‡dYQV ‡dNYP ‡dIDW ‡dOCLCO ‡dRNL ‡dOCLCO ‡dGPRCL ‡dYU6 | |
| 020 | . | ‡a006347901X | |
| 020 | . | ‡a9780063479012 ‡q(paperback) | |
| 035 | . | ‡a(OCoLC)1517620665 | |
| 082 | 0 | 4. | ‡a823/.92 ‡223 |
| 100 | 1 | . | ‡aPage, Gracie, ‡eauthor. |
| 245 | 1 | 4. | ‡aThe wildest dreams bookshop / ‡cGracie Page. |
| 264 | 1. | ‡aNew York : ‡bAvon A, an imprint of HarperCollins Publishers, ‡c2025. | |
| 264 | 4. | ‡c©2025. | |
| 300 | . | ‡a281 pages ; ‡c21 cm. | |
| 336 | . | ‡atext ‡btxt ‡2rdacontent | |
| 337 | . | ‡aunmediated ‡bn ‡2rdamedia | |
| 338 | . | ‡avolume ‡bnc ‡2rdacarrier | |
| 490 | 0 | . | ‡aWildest dreams bookshop ; ‡v1 |
| 520 | . | ‡a"Seventeen-year-old Anna's summer is not off to a good start. She's pretty sure she's flunked her exams, and her boyfriend, Max, has unceremoniously dumped her. So when her aunt invites her to come work and live at her seaside bookshop, Anna takes her up on the offer--what other choice does she have? At least there she can hide out, maybe get her mess of a life back on track without the distractions of everyone she knows. But there are plenty of other kinds of distractions in this sleepy little town: the infuriatingly hot local surfer who keeps crossing her path, for instance, plus the celebrity book launch Anna unwittingly agrees to host at the bookshop. It might not be any less messy than her real life, but this summer is going to be anything but boring!"-- ‡cProvided by publisher | |
| 650 | 0. | ‡aBookstores ‡vJuvenile fiction. | |
| 650 | 0. | ‡aTeenage girls ‡vJuvenile fiction. ‡0(LARL_NWRL_CONSORTIUM)175447 | |
| 650 | 0. | ‡aSummer ‡vJuvenile fiction. ‡0(LARL_NWRL_CONSORTIUM)175338 | |
| 650 | 0. | ‡aSurfers ‡vJuvenile fiction. | |
| 650 | 0. | ‡aSmall cities ‡vJuvenile fiction. | |
| 650 | 0. | ‡aMan-woman relationships ‡vJuvenile fiction. | |
| 655 | 0. | ‡aRomance fiction. | |
| 655 | 7. | ‡aRomance fiction. ‡2lcgft | |
| 936 | . | ‡aBATCHLOAD | |
| 905 | . | ‡uvanderl | |
| 901 | . | ‡a478544 ‡bAUTOGEN ‡c478544 ‡tbiblio ‡soclc | |

Add to basket
Permalink
Disable Highlighting